000 00526nam a22001697a 4500
003 OSt
005 20141024152620.0
008 141017b xxu||||| |||| 00| 0 eng d
040 _cBMC
082 _a346.01546
100 1 _926848
_aCardenal Fernández, Jesús
245 0 0 _aReformas en el derecho de familia
_bLección inaugural 2004/2005
_cJesús Cardenal Fernández
260 _aMurcia
_bUniversidad Católica San Antonio
_c2004
300 _a64 p.
_c23 cm
650 2 4 _915454
_aDerecho de familia
_zEspaña
942 _2ddc
_cBK
999 _c14745
_d14745